| 000 | 00489nam a2200169Ia 4500 | ||
|---|---|---|---|
| 003 | LK-CoDNM | ||
| 008 | 010623t1918 xxu||||| |||| 00| 1 sin d | ||
| 040 |
_aLK-CoDNM _dLK-CoDNM _eLK-CoDNM |
||
| 041 | _asin | ||
| 080 | _a104 B 14 | ||
| 245 | _aධර්මදාන සමාගමේ සාංවත්සරික වාර්ථාව | ||
| 246 | _aAnnual Report of Dharmadana Society | ||
| 260 |
_bBastian _aColombo _c1918 |
||
| 300 | _b, 21 cm | ||
| 650 | _aSocieties | ||
| 942 | _cBK | ||
| 999 |
_c89528 _d89528 |
||